Law, economics and cyberspace : (Record no. 9549)
[ view plain ]
| 000 -LEADER | |
|---|---|
| fixed length control field | 01111cam a22002892 4500 |
| 001 - CONTROL NUMBER | |
| control field | 0000020929 |
| 005 - DATE AND TIME OF LATEST TRANSACTION | |
| control field | 20151217152225.0 |
| 008 - FIXED-LENGTH DATA ELEMENTS--GENERAL INFORMATION | |
| fixed length control field | 111116s xx 000 0 eng d |
| 020 ## - INTERNATIONAL STANDARD BOOK NUMBER | |
| International Standard Book Number | 1840646691 : |
| 040 ## - CATALOGING SOURCE | |
| Original cataloging agency | KABU |
| Transcribing agency | KABU |
| 100 1# - MAIN ENTRY--PERSONAL NAME | |
| Personal name | Elkin-Koren, Niva. |
| -- | 0000181612 |
| 245 10 - TITLE STATEMENT | |
| Title | Law, economics and cyberspace : |
| Remainder of title | the effects of cyberspace on the economic analysis of law / |
| Statement of responsibility, etc. | Niva Elkin-Koren, Eli M. Salzberger. |
| 250 ## - EDITION STATEMENT | |
| Edition statement | 1st ed. |
| 260 ## - PUBLICATION, DISTRIBUTION, ETC. (IMPRINT) | |
| Place of publication, distribution, etc. | Chelten, UK : |
| Name of publisher, distributor, etc. | Edward Elgar, |
| Date of publication, distribution, etc. | 2004. |
| 300 ## - PHYSICAL DESCRIPTION | |
| Extent | x, 185 p. |
| 650 #0 - SUBJECT ADDED ENTRY--TOPICAL TERM | |
| Topical term or geographic name as entry element | Online information services |
| General subdivision | Law and legislation. |
| -- | 0000181613 |
| 650 #0 - SUBJECT ADDED ENTRY--TOPICAL TERM | |
| Topical term or geographic name as entry element | Cyberspace. |
| -- | 0000181614 |
| 650 #0 - SUBJECT ADDED ENTRY--TOPICAL TERM | |
| Topical term or geographic name as entry element | Internet. |
| -- | 0000000969 |
| 700 1# - ADDED ENTRY--PERSONAL NAME | |
| Personal name | Salzberger, Eli M. |
| -- | 0000181615 |
| 852 1# - LOCATION | |
| -- | p10075 KES |
| 852 1# - LOCATION | |
| -- | p10075 KES |
| 852 1# - LOCATION | |
| -- | p10075 KES |
| 852 1# - LOCATION | |
| -- | p10075 KES |
| 852 1# - LOCATION | |
| -- | p10075 KES |
| 908 ## - PUT COMMAND PARAMETER (RLIN) | |
| Put command parameter | 111116 |
| 950 ## - LOCAL HOLDINGS (RLIN) | |
| -- | 1 |
| Withdrawn status | Lost status | Source of classification or shelving scheme | Not for loan | Home library | Current library | Date acquired | Total Checkouts | Full call number | Barcode | Date last seen | Price effective from | Koha item type | Date last checked out |
|---|---|---|---|---|---|---|---|---|---|---|---|---|---|
| Library of Congress Classification | Kabarak, Main Campus | Kabarak, Main Campus | 17/12/2015 | K4305 .E45 2004 c. 1 | 19865 | 17/12/2015 | 17/12/2015 | General Collection | |||||
| Library of Congress Classification | Kabarak, Main Campus | Kabarak, Main Campus | 17/12/2015 | K4305 .E45 2004 c. 2 | 19862 | 04/11/2017 | 17/12/2015 | General Collection | |||||
| Library of Congress Classification | Kabarak, Main Campus | Kabarak, Main Campus | 17/12/2015 | K4305 .E45 2004 c. 3 | 19861 | 17/12/2015 | 17/12/2015 | General Collection | |||||
| Library of Congress Classification | Kabarak, Main Campus | Kabarak, Main Campus | 17/12/2015 | 1 | K4305 .E45 2004 c. 4 | 19866 | 10/06/2016 | 17/12/2015 | General Collection | 26/05/2016 | |||
| Library of Congress Classification | Kabarak, Main Campus | Kabarak, Main Campus | 17/12/2015 | K4305 .E45 2004 c. 5 | 19863 | 17/12/2015 | 17/12/2015 | General Collection |